[Event "Tungsram"]
[Site "Budapest"]
[Date "1977.??.??"]
[Round "?"]
[White "Rajna, George"]
[Black "Csom, Istvan"]
[Result "1/2-1/2"]
[WhiteElo "2395"]
[BlackElo "2535"]

1.e4 c5 2.Nf3 Nc6 3.d4 cxd4 4.Nxd4 Nf6 5.Nc3 d6 6.Bg5 e6 7.Qd3 a6 8.O-O-O Bd7
9.f4 h6 10.Bh4 g5 11.Nxc6 Bxc6 12.Bg3 Nh5 13.f5 Nxg3 14.Qxg3 Qe7 15.Nd5 Bxd5
16.exd5 e5 17.h4 Bg7 18.Bd3 Bf6 19.h5  1/2-1/2

[Event "YMCA"]
[Site "Buenos Aires"]
[Date "1977.??.??"]
[Round "7"]
[White "Szmetan, Jorge"]
[Black "Garcia, Raimundo"]
[Result "1-0"]
[WhiteElo "2435"]
[BlackElo "2435"]

1.e4 c5 2.Nf3 d6 3.d4 cxd4 4.Nxd4 Nf6 5.Nc3 Nc6 6.Bg5 Qb6 7.Nb3 e6 8.Bd3 Be7
9.O-O O-O 10.Kh1 a5 11.a4 Nb4 12.f4 e5 13.Nd2 Bg4 14.Qe1 exf4 15.Nc4 Qd8
16.Bxf4 Rc8 17.Nxd6 Bxd6 18.Bxd6 Qxd6 19.e5 Nxd3 20.cxd3 Qxd3 21.exf6 Rc5
22.Rf4 Qg6 23.fxg7 Qxg7 24.Qh4 Be6 25.Re1 Rfc8 26.Rxe6  1-0

[Event "US-op"]
[Site "Columbus"]
[Date "1977.??.??"]
[Round "?"]
[White "Browne, Walter S"]
[Black "Shamkovich, Leonid"]
[Result "1/2-1/2"]
[WhiteElo "2550"]
[BlackElo "2485"]

1.e4 c5 2.Nf3 Nc6 3.d4 cxd4 4.Nxd4 Nf6 5.Nc3 d6 6.Bg5 e6 7.Qd2 a6 8.O-O-O h6
9.Be3 Bd7 10.f3 b5 11.g4 Ne5 12.a3 Qb8 13.h3 b4 14.axb4 Qxb4 15.f4 Nc6 16.Bg2 Rb8
17.b3 e5 18.Nxc6 Bxc6 19.Nd5 Qa3+ 20.Kb1 Bxd5 21.exd5 Nd7 22.fxe5 Nxe5 23.Bd4 Be7
24.Bxe5 dxe5 25.d6 Bxd6 26.Qxd6 Rxb3+ 27.cxb3 Qxb3+ 28.Ka1 Qc3+ 29.Ka2 Qc2+
30.Ka3 Qc3+ 31.Ka4 Qc4+ 32.Ka3 Qc3+  1/2-1/2

[Event "CSR-ch int"]
[Site "Decin"]
[Date "1977.??.??"]
[Round "4"]
[White "Prandstetter, Eduard"]
[Black "Tukmakov, Vladimir B"]
[Result "1/2-1/2"]
[WhiteElo "2385"]
[BlackElo "2540"]

1.e4 c5 2.Nf3 Nc6 3.d4 cxd4 4.Nxd4 Nf6 5.Nc3 d6 6.Bg5 e6 7.Qd2 a6 8.O-O-O h6
9.Bf4 Bd7 10.Nxc6 Bxc6 11.Qe3 Qc7 12.h3 O-O-O 13.Kb1 Nd7 14.Bh2 Be7 15.f3 g5
16.Be2 Qb6 17.Qxb6 Nxb6 18.Bg1 Nd7 19.Bf2 Kc7 20.Nd5+ exd5 21.exd5 Bb5 22.c4 Ba4
23.b3 Nc5 24.Bxc5 dxc5 25.bxa4 a5  1/2-1/2

[Event "SVK-ch"]
[Site "Detva"]
[Date "1977.??.??"]
[Round "3"]
[White "Krisko, D."]
[Black "Banas, Jan"]
[Result "1/2-1/2"]
[WhiteElo "2290"]
[BlackElo "2330"]

1.e4 c5 2.Nf3 d6 3.Nc3 Nc6 4.d4 cxd4 5.Nxd4 Nf6 6.Bg5 e6 7.Qd2 a6 8.O-O-O Bd7
9.f4 h6 10.Bh4 g5 11.fxg5 Ng4 12.Be2 Nge5 13.Rhf1 Be7 14.Nf3 hxg5 15.Bg3 Qa5
16.Kb1 f6 17.Nxe5 Nxe5 18.Bd3 Bc6 19.h3 b5 20.Qe3 Qc7 21.Ne2 Qb7 22.Nd4 Bd7
23.Nf3 Nxf3  1/2-1/2

[Event "Concordia"]
[Site "Hamburg"]
[Date "1977.??.??"]
[Round "6"]
[White "Matulovic, Milan"]
[Black "Csom, Istvan"]
[Result "1-0"]
[WhiteElo "2510"]
[BlackElo "2535"]

1.e4 c5 2.Nf3 d6 3.d4 cxd4 4.Nxd4 Nf6 5.Nc3 Nc6 6.Bg5 e6 7.Qd2 a6 8.O-O-O h6
9.Bf4 Bd7 10.Nxc6 Bxc6 11.Qe1 Qa5 12.Bc4 O-O-O 13.f3 Nd7 14.a3 Qc7 15.Kb1 Be7
16.h4 Kb8 17.Ba2 Nb6 18.Qg3 g6 19.Bb3 Nc8 20.Be3 Bf6 21.Bd4 Be5 22.Qf2 g5
23.Bxe5 dxe5 24.Rxd8 Rxd8 25.hxg5 hxg5 26.Qg3 Rg8 27.Rh5 g4 28.Rh4 b5 29.Rxg4 Rxg4
30.Qxg4 a5 31.Qg5 Kb7 32.Qe3 Be8 33.Nd1 Ne7 34.Nf2 Nc6 35.c3 a4 36.Ba2 Na5
37.Nd3 Qd6 38.Kc2 Nc4 39.Qg5 f5 40.Qg7+ Ka6 41.Bxc4 bxc4 42.Nb4+ Kb6 43.Qg8 Bb5
44.exf5 exf5 45.Qa8 f4 46.Kc1 Kc5 47.Qb7 Qd8 48.Kc2 Qd6 49.Qa7+ Qb6 50.Qf7 Qd6
51.Kc1 Qd7 52.Qg8 Qd6 53.Qc8+ Kb6 54.Qa8 Kc5 55.Qh8 Kb6 56.Qg7 Kc5 57.Qb7 Qd8
58.Qe4 Qb8 59.Qd5+ Kb6 60.Kd2 Qc7 61.Ke2 Qc5 62.Qd8+ Kb7 63.Nd5 Kc6 64.Ne7+ Kb7
65.Nf5 Qg1 66.Qd5+ Ka6 67.Qa8+ Kb6 68.Qb8+ Ka6 69.Qc8+ Kb6 70.Qd8+ Ka6 71.Qd6+ Ka5
72.Qc7+ Ka6 73.Qg7 Bc6 74.Qg6 Ka5 75.Qg8 Qb6 76.Kf1 Qxb2 77.Qd8+ Qb6 78.Ne7 Ka6
79.Qxb6+ Kxb6 80.Ng6 Be8 81.Nxe5 Kc5 82.g3 fxg3 83.Kg2 Kd5 84.Ng4 Bg6 85.Kxg3 Bd3
86.Kf4 Ke6 87.Ne3 Kd6 88.Nd1 Kd5 89.Ne3+ Kd6 90.Kg5 Ke5 91.Ng4+ Ke6 92.f4 Be4
93.Ne3 Bd3 94.f5+ Ke5 95.Ng4+ Kd6 96.Kf6 Kd5 97.Kg6 Kd6 98.Kg5 Kd5 99.f6  1-0

[Event "Lone Pine"]
[Site "Lone Pine"]
[Date "1977.??.??"]
[Round "6"]
[White "Weinstein, Norman"]
[Black "Browne, Walter S"]
[Result "1/2-1/2"]
[WhiteElo "2475"]
[BlackElo "2545"]

1.e4 c5 2.Nf3 Nc6 3.d4 cxd4 4.Nxd4 Nf6 5.Nc3 d6 6.Bg5 e6 7.Qd2 a6 8.O-O-O Bd7
9.f4 b5 10.Bxf6 gxf6 11.Kb1 Qb6 12.Nf3 b4 13.Ne2 Qc5 14.f5 h5 15.fxe6 fxe6
16.g3 Ne5 17.Nfd4 Nc4 18.Qd3 e5 19.Nf4 Nxb2 20.Kxb2 exf4 21.gxf4 Bh6 22.Qg3 Ke7
23.Nf5+ Bxf5 24.exf5 Rhg8 25.Qe1+ Kf8 26.Qe6 Qc3+ 27.Kb1 Bxf4 28.Bc4 Rg7
29.Qe4 Rc8 30.Qxf4 Rxc4 31.Qxd6+ Kg8 32.Qe6+ Kh7 33.Qe2 Kh6 34.Rd3 Qe5 35.Re3 Qd5
36.Rd1  1/2-1/2

[Event "Montilla"]
[Site "Montilla"]
[Date "1977.??.??"]
[Round "9"]
[White "Kavalek, Lubomir"]
[Black "Calvo Minguez, Ricardo"]
[Result "1-0"]
[WhiteElo "2545"]
[BlackElo "2465"]

1.e4 c5 2.Nf3 Nc6 3.d4 cxd4 4.Nxd4 Nf6 5.Nc3 d6 6.Bg5 e6 7.Qd2 a6 8.O-O-O Bd7
9.f4 b5 10.Bxf6 gxf6 11.Kb1 Qb6 12.Nf3 O-O-O 13.f5 Kb8 14.Qe1 Bc8 15.g3 Bh6
16.fxe6 fxe6 17.Bh3 Be3 18.Rf1 Rhf8 19.Ne2 d5 20.exd5 Rxd5 21.Rxd5 exd5 22.Bxc8 Rxc8
23.Nf4 Ne7 24.Ng2 Bc5 25.Nfh4 d4 26.Qe4 Qc6 27.Qxc6 Rxc6 28.Nf4 Kc8 29.Nd3 Ba7
30.Nf5 Kd7 31.Nxe7 Kxe7 32.Rf5 Ke6 33.g4 Bb8 34.Rh5 Bd6 35.Rxh7 Rc8 36.h3 Rg8
37.Rh5 Rg5 38.Rh7 f5 39.gxf5+ Rxf5 40.a3 a5 41.h4 Kd5 42.Rb7 Kc6 43.Rg7 Rf1+
44.Ka2 Rh1 45.Rg4 Rh2 46.Ne1 Bc5 47.Nf3 Rxc2 48.Nxd4+ Bxd4 49.Rxd4 a4 50.Kb1 Rh2
51.Rb4 Kc5 52.Kc1 Rg2 53.Kd1 Rh2 54.Ke1 Kb6 55.Kf1 Rc2 56.Kg1 Rc5 57.Kf2 Kc6
58.Re4 Kd6 59.Kf3 Rc1 60.h5 Rh1 61.Kg4 Kd5 62.Rb4 Rg1+ 63.Kf5 Rf1+ 64.Kg5 Rg1+
65.Rg4 Rh1 66.h6 Ke6 67.Kg6 Rf1 68.h7  1-0

[Event "Marshall CC"]
[Site "New York"]
[Date "1977.??.??"]
[Round "?"]
[White "Fedorowicz, John P"]
[Black "Stean, Michael"]
[Result "1/2-1/2"]
[WhiteElo "2440"]
[BlackElo "2485"]

1.e4 c5 2.Nf3 d6 3.d4 Nf6 4.Nc3 cxd4 5.Nxd4 Nc6 6.Bg5 e6 7.Qd2 a6 8.O-O-O h6
9.Bf4 Bd7 10.Nxc6 Bxc6 11.f3 d5 12.Qe1 Bb4 13.a3 Ba5 14.b4 Bb6 15.Be5 O-O
16.Qg3 Nh5 17.Qg4 Nf6 18.Qg3 Nh5 19.Qg4 Nf6 20.Qg3 Nh5  1/2-1/2

[Event "Marshall CC"]
[Site "New York"]
[Date "1977.??.??"]
[Round "?"]
[White "Diesen, Mark C"]
[Black "Mednis, Edmar John"]
[Result "0-1"]
[WhiteElo "2360"]
[BlackElo "2430"]

1.e4 c5 2.Nf3 Nc6 3.d4 cxd4 4.Nxd4 Nf6 5.Nc3 d6 6.Bg5 e6 7.Qd2 a6 8.O-O-O Bd7
9.f4 b5 10.Nxc6 Bxc6 11.Qe3 Be7 12.Bxf6 Bxf6 13.e5 Be7 14.exd6 Bxd6 15.Ne4 Bxe4
16.Qxe4 O-O 17.Bd3 g6 18.h4 Qf6 19.g3 Rfd8 20.h5 Bf8 21.hxg6 hxg6 22.a3 Rab8
23.c3 a5 24.Rh5 b4 25.Rdh1 Bg7 26.Rxa5 bxc3 27.b4 Rd4 28.Qe3 Qe7 29.Bc2 Qb7
30.Rh2 Ra8 31.Re5 Qa7 32.Ra5 Qb8 33.Rxa8 Qxa8 34.a4 Rxb4 35.Qc5 Qb7 36.a5 Bd4
37.Qg5 Be3+ 38.Kd1 Qf3+ 39.Ke1 Bd2+ 40.Rxd2 cxd2+ 41.Kxd2 Rd4+  0-1

[Event "Piriapolis"]
[Site "Piriapolis"]
[Date "1977.??.??"]
[Round "4"]
[White "Rivera, Do"]
[Black "Franco Ocampo, Zenon"]
[Result "0-1"]
[WhiteElo "2200"]
[BlackElo "2315"]

1.e4 c5 2.Nf3 Nc6 3.d4 cxd4 4.Nxd4 Nf6 5.Nc3 d6 6.Bg5 e6 7.Bxf6 Qxf6 8.Nb3 a6
9.Qd2 Qd8 10.O-O-O Be7 11.Kb1 Bd7 12.f4 Rc8 13.g4 Na5 14.Qd4 O-O 15.g5 Nxb3
16.cxb3 Qc7 17.h4 Rfd8 18.Bh3 b5 19.Rc1 Qc5 20.Qd3 Qb6 21.f5 b4 22.Na4 Qa5
23.Rcg1 d5 24.f6 dxe4 25.Qe2 Bf8 26.h5 Bb5 27.Qg4 Bd3+ 28.Ka1 Qe5 29.g6 Qxf6
30.gxf7+ Kxf7 31.Rc1 Bd6 32.Nb6 Rxc1+ 33.Rxc1 Be5 34.Qg2 e3 35.Nc4 Bd4 36.Qb7+ Kg8
37.Qxa6 Bxb2+  0-1

[Event "Rubinstein mem"]
[Site "Polanica Zdroj"]
[Date "1977.??.??"]
[Round "8"]
[White "Vogt, Lothar"]
[Black "Mascarinas, Rico"]
[Result "1-0"]
[WhiteElo "2495"]
[BlackElo "2345"]

1.e4 c5 2.Nf3 Nc6 3.d4 cxd4 4.Nxd4 Nf6 5.Nc3 d6 6.Bg5 Bd7 7.Be2 Qb6 8.Ndb5 Rc8
9.O-O a6 10.Bxf6 gxf6 11.Nd5 Qd8 12.Nbc3 e6 13.Ne3 b5 14.a4 b4 15.Na2 Qb6
16.c3 a5 17.Nc4 Qc5 18.Nc1 bxc3 19.bxc3 Ne5 20.Nb3 Qc7 21.Nbxa5 Ra8 22.Nxe5 fxe5
23.Nc4 Bc6 24.a5 Be7 25.Nb6 Ra7 26.Qd3 O-O 27.Bd1 Qb7 28.Bc2 Kh8 29.Rfb1 Qc7
30.Nd5 exd5 31.exd5 f5 32.dxc6 Qxc6 33.Qb5 Qxc3 34.Bxf5 Rc7 35.a6 Qd4 36.Qd3 Qc5
37.Qh3 Bg5 38.g3 e4 39.Bxe4 Qxf2+ 40.Kh1 Qd4 41.Bg2 Re7 42.Rd1 Qb6 43.Qh5 Be3
44.Qd5 Bc5 45.Rdb1 Qa7 46.Qd1 d5 47.Qxd5 Rfe8 48.Rd1 Bf2 49.Qd2 Re5 50.Qb2 Kg8
51.Bd5+ Kg7 52.Bc6 Re7 53.Rd7  1-0

[Event "SWE-ch"]
[Site "?"]
[Date "1977.??.??"]
[Round "?"]
[White "Schussler, Harry"]
[Black "Bengtsson, Bo"]
[Result "0-1"]
[WhiteElo "2360"]
[BlackElo "2340"]

1.e4 c5 2.Nf3 d6 3.d4 cxd4 4.Nxd4 Nf6 5.Nc3 Nc6 6.Bg5 Bd7 7.Be2 Qa5 8.Bxf6 gxf6
9.Nb3 Qb6 10.O-O Rc8 11.Nd5 Qd8 12.Kh1 f5 13.exf5 Bxf5 14.Bd3 Bxd3 15.Qxd3 Bg7
16.Rae1 O-O 17.Re3 e6 18.Rh3 h6 19.Nf4 Ne5 20.Qd1 Ng6 21.Nxg6 fxg6 22.c3 d5
23.Qg4 Rf6 24.Re3 Qd6 25.Nd4 Re8 26.f4 e5 27.Rfe1 Ref8 28.Ne2 exf4 29.Rd3 Re8
30.Red1 f3 31.Rxf3 h5  0-1

[Event "SWE-ch"]
[Site "?"]
[Date "1977.??.??"]
[Round "?"]
[White "Schussler, Harry"]
[Black "Helmertz, Per Inge"]
[Result "0-1"]
[WhiteElo "2360"]
[BlackElo "2295"]

1.e4 c5 2.Nf3 Nc6 3.d4 cxd4 4.Nxd4 Nf6 5.Nc3 d6 6.Bg5 e5 7.Nde2 Be7 8.Qd2 Be6
9.O-O-O Qa5 10.a3 O-O 11.Kb1 Rac8 12.Bxf6 Bxf6 13.Nd5 Qd8 14.Nec3 Bg5 15.Qe1 Nd4
16.Bd3 Kh8 17.f3 Qd7 18.h4 Bd8 19.Qe3 b5 20.f4 f6 21.f5 Bg8 22.Ne2 Nxf5 23.Qh3 Be6
24.Ndf4 Nd4 25.Nxe6 Nxe6 26.Nc3 a6 27.Be2 f5 28.g3 Nd4 29.Bd3 a5 30.Ne2 Nxe2
31.Bxe2 Qc6 32.Bd3 b4 33.a4 Qxa4 34.exf5 d5 35.Rh2 b3 36.cxb3 Qxb3 37.Rc2 e4
38.Rdd2 Bf6 39.Ba6 Rxc2 40.Rxc2 d4  0-1

[Event "JUG-ch"]
[Site "Zagreb"]
[Date "1977.??.??"]
[Round "3"]
[White "Govedarica, Radovan"]
[Black "Nicevski, Risto"]
[Result "0-1"]
[WhiteElo "2440"]
[BlackElo "2435"]

1.e4 c5 2.Nf3 d6 3.d4 cxd4 4.Nxd4 Nf6 5.Nc3 Nc6 6.Bg5 e6 7.Qd2 a6 8.O-O-O Bd7
9.f4 b5 10.Qe1 Nxd4 11.Rxd4 Qb6 12.Rd2 b4 13.Nd1 Be7 14.Bd3 h6 15.Bh4 Bb5
16.c4 bxc3 17.Nxc3 Bxd3 18.Rxd3 Rb8 19.Rd2 O-O 20.Rc2 Rfc8 21.Bf2 Qb7 22.Bd4 Rc4
23.Qe3 e5 24.fxe5 dxe5 25.Ba7 Nxe4 26.Bxb8 Bg5 27.Qxg5 hxg5 28.Bxe5 Qe7 29.Nxe4 Rxc2+
30.Kxc2 Qxe5 31.Nd2 Qd5 32.Ra1 Qxg2 33.b4 Qc6+ 34.Kb3 Qd5+ 35.Kc2 Qf5+ 36.Kc1 Qe5
37.Rb1 Qxh2 38.a4 g4 39.b5 axb5 40.axb5 g3 41.b6 g2 42.Nf3 Qf4+  0-1

[Event "JUG-ch"]
[Site "Zagreb"]
[Date "1977.??.??"]
[Round "7"]
[White "Rogulj, Branko"]
[Black "Ivanovic, Bozidar"]
[Result "0-1"]
[WhiteElo "2410"]
[BlackElo "2440"]

1.e4 c5 2.Nf3 Nc6 3.d4 cxd4 4.Nxd4 Nf6 5.Nc3 d6 6.Bg5 e6 7.Qd2 a6 8.O-O-O h6
9.Be3 Bd7 10.f3 b5 11.Nxc6 Bxc6 12.g4 Rb8 13.Bd3 Qc7 14.Rhe1 Be7 15.h4 Nd7
16.g5 Ne5 17.Qg2 hxg5 18.hxg5 b4 19.Ne2 Nxd3+ 20.Rxd3 Qa5 21.Rh1 Rxh1+ 22.Qxh1 Bb5
23.Qh8+ Bf8 24.Rd2 Qxa2 25.Kd1 Rc8 26.Nc1 Qxb2 27.Bd4 Qa3 28.Qh3 g6 29.Rh2 Bc4
30.Kd2 b3 31.cxb3 Bxb3 32.Ne2 Rc2+ 33.Ke1 Qb4+  0-1

[Event "JUG-ch"]
[Site "Zagreb"]
[Date "1977.??.??"]
[Round "11"]
[White "Planinec, Albin"]
[Black "Barle, Janez"]
[Result "1-0"]
[WhiteElo "2475"]
[BlackElo "2450"]

1.e4 c5 2.Nf3 Nc6 3.d4 cxd4 4.Nxd4 Nf6 5.Nc3 d6 6.Bg5 e6 7.Qd2 a6 8.O-O-O h6
9.Bh4 Nxe4 10.Qf4 Ng5 11.Nxc6 bxc6 12.Qa4 Qb6 13.Bd3 Rb8 14.f4 Qb4 15.fxg5 Qxa4
16.Nxa4 Rb4 17.g6 Rxa4 18.gxf7+ Kd7 19.c4 Rxa2 20.Be1 Ra1+ 21.Bb1 Be7 22.Rf1 Bg5+
23.Kc2 Ke7 24.Rxd6 Kxd6 25.f8=Q+ Rxf8 26.Rxf8 Bd7 27.Bc3 Bf6 28.Bxf6 gxf6
29.Rxf6 h5 30.Rh6 Ra5 31.Kc3 Re5 32.Bd3 c5 33.Rh7 a5 34.g3 Be8 35.Kd2 Rg5
36.Ke3 Rg4 37.Be2 Rd4 38.b3 h4 39.Ra7 hxg3 40.hxg3 Bc6 41.Ra6 Kc7 42.Rxa5 Kb6
43.Ra1 e5 44.Rg1 Ka5 45.g4 Re4+ 46.Kf2 Rf4+ 47.Ke1 Bf3 48.Rg3 Bxe2 49.Kxe2 Kb4
50.g5 Rf8 51.g6 e4 52.Kd2 Rg8 53.Kc2 e3 54.g7 Ka3 55.Kc3 Ka2 56.Rxe3 Rxg7
57.b4 Ka3 58.bxc5 Ka4 59.Re8 Rg3+ 60.Kd4 Ka5 61.Ra8+ Kb4 62.Rb8+ Ka5 63.c6 Rg4+
64.Kc5 Rg5+ 65.Kd6 Rg6+ 66.Kd7 Rg7+ 67.Kc8 Ka6 68.c7 Ka7 69.Kd8  1-0

[Event "JUG-ch"]
[Site "Zagreb"]
[Date "1977.??.??"]
[Round "11"]
[White "Messing, Hrvoje"]
[Black "Ivanovic, Bozidar"]
[Result "0-1"]
[WhiteElo "2425"]
[BlackElo "2440"]

1.e4 c5 2.Nf3 Nc6 3.d4 cxd4 4.Nxd4 Nf6 5.Nc3 d6 6.Bg5 e6 7.Qd2 a6 8.O-O-O h6
9.Be3 Bd7 10.f3 b5 11.Nxc6 Bxc6 12.Kb1 Qc7 13.Bd3 Qb7 14.g4 Nd7 15.Ne2 Ne5
16.Nd4 Bd7 17.Qe2 b4 18.f4 Nxd3 19.cxd3 a5 20.h4 e5 21.Nf5 Be6 22.Ng3 Qd7
23.Rc1 Bxg4 24.Qc2 exf4 25.Bxf4 Be7 26.d4 O-O 27.Qd2 Rfc8 28.h5 d5 29.e5 b3
30.Rxc8+ Qxc8 31.axb3 Bf5+ 32.Ka2 a4  0-1

[Event "Amsterdam zt"]
[Site "Amsterdam"]
[Date "1978.??.??"]
[Round "15"]
[White "Roos, Louis"]
[Black "Morrison, Graham"]
[Result "0-1"]
[WhiteElo "2200"]
[BlackElo "2230"]

1.e4 c5 2.Nf3 d6 3.d4 cxd4 4.Nxd4 Nf6 5.Nc3 Nc6 6.Bg5 e6 7.Qd2 a6 8.O-O-O Bd7
9.f4 b5 10.Bxf6 gxf6 11.Nxc6 Bxc6 12.f5 b4 13.Ne2 Bxe4 14.fxe6 fxe6 15.Qe3 f5
16.Ng3 h5 17.Kb1 d5 18.Be2 Qc7 19.Bxh5+ Rxh5 20.Nxh5 b3 21.Rd2 bxc2+ 22.Kc1 Qf7
23.Ng3 f4 24.Qc3 fxg3 25.Qc6+ Ke7 26.Qxa8 Qf6 27.Qb7+ Ke8 28.Qc8+ Ke7 29.Rxc2 Bh6+
30.Kb1 gxh2 31.Qc7+ Ke8 32.Ka1 Bxc2 33.Qxc2 Bf4 34.g4 Qd4 35.a3 Qg1+ 36.Qd1 Be3
37.Qb1 Qxb1+ 38.Kxb1 Bg1 39.Kc2 Kf7 40.Kd3 Kg6 41.Ke2 Kg5 42.Kf3 e5 43.b4 d4
44.a4 d3  0-1

[Event "Buenos Aires ol (Men)"]
[Site "Buenos Aires"]
[Date "1978.??.??"]
[Round "?"]
[White "Pritchett, Craig William"]
[Black "Robatsch, Karl"]
[Result "1/2-1/2"]
[WhiteElo "2405"]
[BlackElo "2430"]

1.e4 c5 2.Nf3 d6 3.d4 cxd4 4.Nxd4 Nf6 5.Nc3 Nc6 6.Bg5 Bd7 7.Qd2 Qb6 8.Nb3 e6
9.O-O-O a6 10.Kb1 Be7 11.Bxf6 gxf6 12.f4 O-O-O 13.Be2 h5 14.Bf3 Kb8 15.Qe2 h4
16.Bh5 Rh7 17.Rhf1 Rc8 18.Bg4 Rc7 19.Rf3 Na5 20.Nxa5 Qxa5 21.Qd2 Rg7 22.Bh3 Rg8
23.Rd3 Rgc8 24.Bg4 Rc4  1/2-1/2

[Event "Buenos Aires ol (Men)"]
[Site "Buenos Aires"]
[Date "1978.??.??"]
[Round "?"]
[White "Liu Wenzhe"]
[Black "Tabbane, N."]
[Result "0-1"]
[WhiteElo "2200"]
[BlackElo "2200"]

1.e4 c5 2.Nf3 Nc6 3.d4 cxd4 4.Nxd4 Nf6 5.Nc3 d6 6.Bg5 Bd7 7.Qd2 a6 8.O-O-O e6
9.f4 h6 10.Bxf6 Qxf6 11.e5 dxe5 12.Ndb5 Qd8 13.Nd6+ Bxd6 14.Qxd6 Qe7 15.Ne4 Rd8
16.fxe5 Bc8 17.Qc5 Rxd1+ 18.Kxd1 Qxc5 19.Nxc5 Nxe5 20.Be2 Ke7 21.Re1 Rd8+
22.Kc1 f6 23.b4 Rd4 24.c3 Rf4 25.Kd2 Rf2 26.Rg1 Nd7 27.Nd3 Rf5 28.c4 Ne5
29.Ne1 Rf4 30.Kc3 Rf2 31.Bd1 Bd7 32.a4 Bc6 33.Bc2 b6 34.h3 f5 35.Kd4 Re2
36.b5 axb5 37.axb5 Bb7 38.c5 bxc5+ 39.Kxc5 Nd7+ 40.Kb4 f4 41.Bd3 Re3 42.Bb1 g5
43.Nc2 Re2 44.Nd4 Rxg2 45.Re1 Bd5 46.Be4 Bxe4 47.Rxe4 e5 48.Re1 Rb2+ 49.Ka5 Kf6
50.Nc6 f3 51.Rd1 Nc5 52.b6 f2 53.Nb4 Ke6 54.Nd5 Rd2 55.Nc7+ Ke7 56.Rf1 Kd7
57.Kb5 Ne4 58.Na6 h5 59.Nb8+ Kd6 60.Na6 Ng3 61.b7 Rb2+ 62.Nb4 Kc7 63.Rxf2 Rxf2
64.Ka6 Rb2  0-1

[Event "Buenos Aires ol (Men)"]
[Site "Buenos Aires"]
[Date "1978.??.??"]
[Round "?"]
[White "Liberzon, Vladimir M"]
[Black "Calvo Minguez, Ricardo"]
[Result "0-1"]
[WhiteElo "2555"]
[BlackElo "2455"]

1.e4 c5 2.Nf3 Nc6 3.d4 cxd4 4.Nxd4 Nf6 5.Nc3 d6 6.Bg5 e6 7.Qd2 a6 8.O-O-O h6
9.Be3 Bd7 10.f4 Qc7 11.h3 Be7 12.Kb1 Rc8 13.g4 Nd8 14.Bg2 b5 15.Nce2 g6 16.Rhf1 e5
17.Nb3 b4 18.Ng3 a5 19.fxe5 dxe5 20.Rf2 a4 21.Nc1 Be6 22.Bf1 Rb8 23.Bxh6 Nd7
24.b3 Nc6 25.Be3 Nc5 26.Nd3 Nxd3 27.Bxd3 Rxh3 28.Rg1 Nd4 29.Bf1 Rh7 30.Ne2 Nb5
31.g5 Rd8 32.Qc1 Qa5 33.Bd2 Bc5 34.Be3 Bxe3 35.Qxe3 Qb6 36.Qxb6 Rd1+ 37.Nc1 Nc3+
38.Ka1 Rxc1+  0-1

[Event "Buenos Aires ol (Men)"]
[Site "Buenos Aires"]
[Date "1978.??.??"]
[Round "?"]
[White "Rodriguez, Amador"]
[Black "Vasquez de la Paz, J."]
[Result "1-0"]
[WhiteElo "2470"]
[BlackElo "2200"]

1.e4 c5 2.Nf3 d6 3.d4 cxd4 4.Nxd4 Nf6 5.Nc3 Nc6 6.Bg5 e6 7.Qd2 a6 8.O-O-O Bd7
9.f4 Qc7 10.Bxf6 gxf6 11.Kb1 O-O-O 12.f5 Kb8 13.g3 Rc8 14.Bh3 Nxd4 15.Qxd4 Be7
16.Qd2 Qa5 17.Rhe1 Rc7 18.fxe6 fxe6 19.Ne2 Qxd2 20.Rxd2 Rc5 21.Nd4 Re5 22.Nf3 Rc5
23.e5 f5 24.exd6 Bf6 25.g4 Rb5 26.c4 Rc5 27.g5 Bg7 28.Nd4 Bxd4 29.Rxd4 Rg8
30.b4 Rcc8 31.Rh4 Rg7 32.Bf1 Re8 33.Re5 Rxg5 34.Rxh7 Rd8 35.Bd3 Rg1+ 36.Kb2 Rd1
37.Kc3 Rc1+ 38.Kd4 Rd1 39.Ke3 Re1+ 40.Kf4 Rd1 41.Re3 Rd2 42.Reh3 Rxa2 43.Rh8 Kc8
44.Ke5 Rg2 45.Rxd8+ Kxd8 46.Rh8+ Be8 47.Kxe6  1-0

[Event "Buenos Aires ol (Men)"]
[Site "Buenos Aires"]
[Date "1978.??.??"]
[Round "?"]
[White "Hakki, Imad"]
[Black "Chen De"]
[Result "1-0"]
[WhiteElo "2200"]
[BlackElo "2200"]

1.e4 c5 2.Nf3 Nc6 3.d4 cxd4 4.Nxd4 Nf6 5.Nc3 d6 6.Bg5 e6 7.Qd2 a6 8.O-O-O Bd7
9.f4 b5 10.Nxc6 Bxc6 11.Bd3 Be7 12.e5 dxe5 13.fxe5 Nd7 14.Bxe7 Qxe7 15.Be4 Nxe5
16.Qd4 f6 17.Qxe5 fxe5 18.Bxc6+ Kf7 19.Rd7 Qxd7 20.Bxd7 Ra7 21.Bc6 Rc7 22.Be4 Rd8
23.a3 Rd4 24.Bd3 h6 25.Re1 Rc5 26.Kd2 a5 27.Ne4 Rc7 28.c3 Rd5 29.b4 axb4
30.axb4 Ra7 31.Re2 Ke7 32.Ke3 Ra3 33.Rc2 Rd8 34.Nc5 Rb8 35.Ke4 Kd6 36.Be2 Rf8
37.Ke3 Rf4 38.Ne4+ Kc6 39.Rd2 Kc7 40.Bxb5 Ra1 41.Be2 Ra3 42.Rd3 Ra2 43.Bf3 Rf7
44.Nc5 Re7 45.Ke4  1-0

[Event "Buenos Aires ol (Men)"]
[Site "Buenos Aires"]
[Date "1978.??.??"]
[Round "?"]
[White "Gruenfeld, Yehuda"]
[Black "Csom, Istvan"]
[Result "1/2-1/2"]
[WhiteElo "2200"]
[BlackElo "2510"]

1.e4 c5 2.Nf3 Nc6 3.d4 cxd4 4.Nxd4 Nf6 5.Nc3 d6 6.Bg5 e6 7.Qd2 a6 8.O-O-O h6
9.Be3 Bd7 10.f3 Qc7 11.g4 b5 12.Rg1 b4 13.Nce2 d5 14.Nxc6 Bxc6 15.e5 Nd7
16.f4 Nc5 17.Bg2 h5 18.h3 hxg4 19.hxg4 Rh2 20.Nd4 Bb7 21.f5 O-O-O 22.Bf4 Rh8
23.Qf2 Re8 24.Kb1 Kb8 25.Rc1 Ka8 26.Rgd1 Na4 27.Nb3 Rc8 28.Qd4 Qb6 29.Qd2 Bc5
30.Ka1 Rc7 31.Nxc5 Qxc5 32.Be3 Qa5 33.Rh1 Rb8 34.Qd4 Bc8 35.Rh8  1/2-1/2

[Event "Buenos Aires ol (Men)"]
[Site "Buenos Aires"]
[Date "1978.??.??"]
[Round "?"]
[White "Ghinda, Mihail Viorel"]
[Black "Kileng, Benny"]
[Result "1/2-1/2"]
[WhiteElo "2445"]
[BlackElo "2390"]

1.e4 c5 2.Nf3 Nc6 3.d4 cxd4 4.Nxd4 Nf6 5.Nc3 d6 6.Bg5 e6 7.Qd2 Be7 8.O-O-O a6
9.f4 O-O 10.Bc4 Qc7 11.Bb3 Na5 12.Rhe1 b5 13.e5 dxe5 14.fxe5 Ne8 15.Ne4 Nxb3+
16.axb3 Bb7 17.Kb1 Bxg5 18.Qxg5 h6 19.Qf4 Qe7 20.Qg4 b4 21.Rd3 Rd8 22.Red1 Rd5
23.Nf3 Kh8 24.Qf4 a5 25.Nd6 Rxd3 26.Rxd3 Ba6 27.Rd2 Nc7 28.Qd4 Nd5 29.Qc5 Qd8
30.Qa7 Qa8 31.Nxf7+ Kg8 32.Qxa8 Rxa8 33.Nd6 Rf8 34.Nd4 Rf1+ 35.Ka2 Nc3+ 36.bxc3 bxc3
37.Re2 Bxe2 38.Nxe2 Rf2 39.Nd4 Rxg2 40.h3 Rd2 41.N6b5  1/2-1/2

[Event "Buenos Aires ol (Men)"]
[Site "Buenos Aires"]
[Date "1978.??.??"]
[Round "?"]
[White "Braga, Cicero"]
[Black "Tabbane, N."]
[Result "1-0"]
[WhiteElo "2200"]
[BlackElo "2200"]

1.e4 c5 2.Nf3 Nc6 3.d4 cxd4 4.Nxd4 Nf6 5.Nc3 d6 6.Bg5 Bd7 7.Qd2 Nxd4 8.Qxd4 Qa5
9.Bd2 Qc7 10.O-O-O a6 11.Nd5 Nxd5 12.exd5 Qc5 13.Bc3 Qxd4 14.Bxd4 e5 15.dxe6 fxe6
16.Bc4 b5 17.Bb3 O-O-O 18.Rhe1 Re8 19.Rd3 d5 20.Rf3 Bd6 21.Bxg7 Rhg8 22.Rf7 Re7
23.Rf8+ Rxf8 24.Bxf8 Bf4+ 25.Kd1 Re8 26.Bc5 Kc7 27.c3 Kc6 28.Be3 Bd6 29.f4 e5
30.fxe5 Bxe5 31.g3 a5 32.Bd4 Bxd4 33.Rxe8 Bxe8 34.cxd4 Kd6 35.Ke2 Bg6 36.Ke3 Ke6
37.Kf4 h6 38.h4 Bb1 39.a3 Bg6 40.g4 b4 41.Bd1 bxa3 42.bxa3  1-0

[Event "Buenos Aires ol (Men)"]
[Site "Buenos Aires"]
[Date "1978.??.??"]
[Round "?"]
[White "Bordonada, Glenn"]
[Black "Kileng, Benny"]
[Result "1/2-1/2"]
[WhiteElo "2360"]
[BlackElo "2200"]

1.e4 c5 2.Nf3 Nc6 3.d4 cxd4 4.Nxd4 Nf6 5.Nc3 d6 6.Bg5 e6 7.Qd2 a6 8.O-O-O h6
9.Bf4 Bd7 10.Nxc6 Bxc6 11.f3 e5 12.Be3 b5 13.Kb1 Be7 14.g4 Qc7 15.h4 d5 16.Nxd5 Bxd5
17.exd5 Rd8 18.Qe1 Nxd5 19.Bd2 Nb6 20.Bd3 Rd5 21.b3 Nd7 22.Ba5 Qc5 23.Bc3 h5
24.g5 g6 25.Bb2 O-O 26.Qe4 Re8 27.Rhf1 Qd6 28.Be2 Rxd1+ 29.Rxd1 Qe6 30.Rxd7 Qxd7
31.Qxe5 f6 32.gxf6 Bd8 33.f7+ Kxf7 34.Qg7+ Ke6 35.Qxg6+ Kd5 36.c4+ Kc5 37.Qg1+ Kc6
38.cxb5+ axb5 39.Qf1 Kb6 40.f4 Bxh4 41.Qg1+ Ka6 42.Qg6+ Qe6 43.Qxe6+ Rxe6
44.Bxh5 Re1+ 45.Kc2  1/2-1/2

[Event "Buenos Aires ol (Men)"]
[Site "Buenos Aires"]
[Date "1978.??.??"]
[Round "?"]
[White "Suradiradja, Herman"]
[Black "Batres, Francisco"]
[Result "1-0"]
[WhiteElo "2330"]
[BlackElo "2200"]

1.e4 c5 2.Nf3 d6 3.d4 cxd4 4.Nxd4 Nf6 5.Nc3 Nc6 6.Bg5 e6 7.Qd2 a6 8.O-O-O Bd7
9.f4 b5 10.Nxc6 Bxc6 11.Qe3 Be7 12.Bxf6 gxf6 13.f5 b4 14.Ne2 e5 15.Ng3 h5
16.Bc4 h4 17.Ne2 Bf8 18.Kb1 Qc7 19.g3 a5 20.Rhg1 Qa7 21.Qd3 Qc5 22.Bd5 Rc8
23.Bxc6+ Rxc6 24.c3 hxg3 25.hxg3 Rh2 26.Rh1 Rxh1 27.Rxh1 a4 28.cxb4 Qxb4
29.a3 Qb8 30.Nc3 Rb6 31.Nxa4 Rb3 32.Qd5 Bg7 33.Ka2 Rxg3 34.Nc3 Rg2 35.Nb5  1-0

[Event "Buenos Aires ol (Men)"]
[Site "Buenos Aires"]
[Date "1978.??.??"]
[Round "?"]
[White "Takemoto, Hiroshi"]
[Black "Olafsson, Fridrik"]
[Result "0-1"]
[WhiteElo "2200"]
[BlackElo "2530"]

1.e4 c5 2.Nf3 Nc6 3.d4 cxd4 4.Nxd4 Nf6 5.Nc3 d6 6.Bg5 e6 7.Qd2 a6 8.O-O-O Bd7
9.f4 Be7 10.Nf3 b5 11.Bxf6 gxf6 12.f5 Qb6 13.Kb1 h5 14.g3 O-O-O 15.Bh3 Kb8
16.Ne2 Ne5 17.Nfd4 Nc4 18.Qe1 e5 19.Nb3 b4 20.c3 Bc6 21.Bg2 Qe3 22.Nec1 bxc3
23.bxc3 h4 24.Rd3 Qxe1 25.Rxe1 hxg3 26.hxg3 Rh2 27.Re2 Rxg2 28.Rxg2 Bxe4
29.Rf2 Rg8 30.Rf3 Rh8 31.Ka1 d5 32.Rf2 Rh1 33.Rdf3 Ba3  0-1

[Event "Buenos Aires ol (Women)"]
[Site "Buenos Aires"]
[Date "1978.??.??"]
[Round "?"]
[White "Khadilkar, Jayshree"]
[Black "Mara Assuncao, R."]
[Result "1-0"]
[WhiteElo "2000"]
[BlackElo "2000"]

1.e4 c5 2.Nf3 Nc6 3.d4 cxd4 4.Nxd4 Nf6 5.Nc3 d6 6.Bg5 e5 7.Ndb5 a6 8.Na3 Be7
9.Bxf6 Bxf6 10.Nd5 Be6 11.Nc4 Bxd5 12.Qxd5 Be7 13.Rd1 O-O 14.c3 Qc7 15.Bd3 b5
16.Ne3 Rac8 17.Bc2 b4 18.O-O bxc3 19.bxc3 Na5 20.Nf5 Nc4 21.Bb3 Nb6 22.Nxe7+ Qxe7
23.Qxd6 Qc7 24.Qxc7 Rxc7 25.Rd6 Rb8 26.Rfd1 g6 27.Rd8+ Rxd8 28.Rxd8+ Kg7
29.Rd3 a5 30.Kf1 f6 31.Ke2 Nd7 32.Bd5 Nc5 33.Rd2 Na4 34.c4 Rc5 35.Rd3 Nb6
36.Rc3 h5 37.Kd3 a4 38.Kc2 Kf8 39.Kb2 Ke7 40.Ka3 Kd6 41.Kb4 Nd7 42.Bf7  1-0